000 00953nam a22002297a 4500
999 _c20554
_d20554
003 AR-CdUCM
008 190531b ||||| |||| 00| 0 eng d
040 _aMUNICIPALIDAD PROVINCIAL DEL CUSCO
_cBIBLIOTECA MUNICIPAL DEL CUSCO
082 _a332.4973 /
_bG66
100 _aGoldenweiser, Emanuel Alexandrovich
_942970
245 _aPolítica monetaria norteamericana /
260 _aMéxico, D.F :
_bFondo de Cultura Económica,
_c1956.
300 _a295 páginas
_c22 cm.
440 _aSección de obras económicas
_95013
500 _a"El objeto de este libro es contribuir a una mejor comprensión del sistema de la reserva federal" -- Prefacio.
505 _aContenido: Papel del dinero en la economía -- Instituciones de préstamo, bancos y otros-- Objetivos de la política monetaria...
650 _aCuestión monetaria
_97311
650 _aEstados Unidos
_91805
650 _aBancos
_94353
942 _2ddc
_cLIBROS
945 _aJavier